La logique juridique

Guardat en:
Dades bibliogràfiques
Format: Llibre
Idioma:francès
Publicat: París A. Pedone 1967
Col·lecció:Philosophie Comparée du Droit et de l'Etat, 2
Matèries:
Etiquetes: Afegir etiqueta
Sense etiquetes, Sigues el primer a etiquetar aquest registre!

MARC

LEADER 00000nam a2200000 a 4500
001 UCR0099
003 CL-VaPUC
005 20240820103305.0
008 971129e19670000fr 1 fre d
082 0 4 |a 340.11  |b LOG  |2 21 
245 1 3 |a La logique juridique 
260 |a París  |b A. Pedone  |c 1967 
300 |a 262 p 
490 0 |a Philosophie Comparée du Droit et de l'Etat, 2 
583 |a last modification  |c 19971129 00:00:00  |k Rodrigo Vera 
650 0 0 |a Filosofía del derecho   |9 255050 
650 0 0 |a Lógica jurídica   |9 255966 
650 0 0 |a Lógica matemática   |9 262442 
650 0 0 |a Derecho comparado  |9 255664 
650 0 7 |a MARXISMO  |2 CL-VaPUC  |9 618620 
650 0 0 |a Derecho y sociedad   |9 255963 
650 0 0 |a Cambio social   |9 256857 
650 0 0 |a Fenomenología  |9 256519 
650 0 0 |a Interpretación de la ley  |9 257376 
942 |c BK 
945 |a cmena  |d 19971129 00:00:00 
546 |a En Francés 
518 |p Colloque de Philosophie du Droit Comparée, 2, Toulouse, Septiembre de 1966 
999 |c 383048  |d 383046 
952 |0 0  |1 0  |4 0  |6 340_110000000000000_LOG_1967  |7 0  |8 DER_TF  |9 505042  |a BIBDER  |b BIBDER  |d 2020-01-23  |i 1907255  |o 340.11 LOG 1967  |p 1907255  |r 2023-01-25  |w 2020-01-23  |x Ubicación 4to Piso  |y BK  |z Estos recursos deben solicitarse con anticipación  |k DER